Artc̕ulos de Doctrina

Detalles Bibliográficos
Formato: Desconocido
Lenguaje:inglés
Publicado: Buenos Aires : Astrea
Materias:
Acceso en línea:Acceso restringido

MARC

LEADER 00000ny a22000003n 4500
005 20110510104834.0
008 090320s ag 000 eng d
022 |a 950508630X  
035 |a 1696 
040 |a BUS  |d vLex 
090 |c 1498  |d 1498 
245 0 0 |a Artc̕ulos de Doctrina  |h [Recurso electrn̤ico] 
256 |a Servicio en ln̕ea 
260 |a Buenos Aires :  |b Astrea 
506 1 |a Contenido solo disponible en los productos indicados  |d vLex Global  |d vLex Global (Academic Edition, excluding Law Schools)  |d vLex Global (U.S. Academic Edition, Law Schools)  |d vLex Global (U.S. Academic Edition, excluding Law Schools)  |d vLex Global (Academic Edition, Law Schools) 
650 0 4 |a Derecho  |x Publicaciones perid̤icas 
740 0 |a vLex Revista (Servicios en ln̕ea) 
843 |a Electrn̤ica. Cerrada 
853 |8 1  |i (year)  |j (month)  |k (day) 
856 4 0 |u http://vlex.com/source/1696  |z Acceso restringido 
942 |c REV